Hodnoty a vzťahy ako súčasť výchovy a vzdelávania

Enregistré dans:
Détails bibliographiques
Auteur principal: Červeňaková, Iveta, 1975- (Auteur)
Autres auteurs: Reháková, Anna, 1954- (Directeur de thèse)
Format: Manuscrit Livre
Langue:slovaque
Publié: STU v Bratislave MTF UIPH, 2010
Accès en ligne:VAIS
Tags: Ajouter un tag
Pas de tags, Soyez le premier à ajouter un tag!

MARC

LEADER 00000ntm a22000003a 4500
001 stu207558
005 20160719160328.4
008 100715s2010------------------------slo-d
040 |a STU  |b slo 
041 0 |a slo 
100 1 |a Červeňaková, Iveta,  |d 1975-  |4 aut  |X 60122  |7 A000060122 
245 1 |a Hodnoty a vzťahy ako súčasť výchovy a vzdelávania 
260 |b STU v Bratislave MTF UIPH,  |c 2010 
700 1 |a Reháková, Anna,  |d 1954-  |4 ths  |u M330  |U MTF Ústav inžinierskej pedagogiky a humatitných vied  |T MTF Katedra odbornej jazykovej prípravy  |X 280  |U M330  |Y M330  |7 A000000280 
856 4 |a info a plný text  |u http://is.stuba.sk/zp/portal_zp.pl?podrobnosti=63312  |3 VAIS 
996 |c M*DP-9607  |l MMSKP  |s P  |a 0  |w stu207558_0001